| 000 | 00599nam a2200205Ia 4500 | ||
|---|---|---|---|
| 003 | OSt | ||
| 005 | 20250429114338.0 | ||
| 008 | 210210b1995 xxu||||| |||| 00| 0 eng d | ||
| 040 | _cAL | ||
| 041 | _akan | ||
| 082 | _aK894.9 NANK | ||
| 100 |
_aNANJUNDASWAMY (M) _9209066 |
||
| 110 |
_aನಂಜುಂಡಸ್ವಾಮಿ ಎಂ _9209067 |
||
| 245 |
_aKannada sahitya charitre: _bಕನ್ನಡ ಸಾಹಿತ್ಯ ಚರಿತ್ರೆ |
||
| 260 |
_aMaisuru _bChetana Pustakalaya _c1995 |
||
| 300 | _axv,559 | ||
| 690 |
_aKannada Criticism _9209068 |
||
| 906 | _a059032 | ||
| 942 |
_2ddc _cBK |
||
| 999 |
_c106053 _d106053 |
||